| 000 | 01440cam a22003857a 4500 | ||
|---|---|---|---|
| 003 | CHAP | ||
| 005 | 20220329142854.0 | ||
| 008 | 041111d2004 mx b r 00110 spa d | ||
| 010 | _a89024 | ||
| 011 | _a89996 | ||
| 035 | _a100552 | ||
| 040 | _cCHAP | ||
| 090 | _aTesis | ||
| 100 | 0 | 0 |
_aSolarte Cruz, Alejandra Inés. _9108383 |
| 245 | 1 | 3 |
_aEl aquí y el ahora de los jovenes rurales entre los cultivos de uso ilícito y el conflicto armado en el Tambo-Cauca, Colombia _c/por Alejandra Inés Solarte Cruz |
| 260 |
_aChapingo, Méx. : _bEl autor, _c2004. |
||
| 300 |
_a221 p. ; _bmapas |
||
| 502 | _aTesis (M.C. en Sociología Rural) -- UACH. Departamento de Sociología | ||
| 590 |
_aALEPH _b10 _c20130110 _lUCH01 _h1500 |
||
| 590 |
_aBATCH-UPD _b10 _c20130110 _lUCH01 _h0250 |
||
| 590 |
_aBATCH-UPD _b10 _c20130110 _lUCH01 _h1039 |
||
| 590 |
_aBATCH-UPD _b10 _c20130409 _lUCH01 _h2320 |
||
| 590 |
_aBATCH-UPD _b10 _c20130914 _lUCH01 _h0018 |
||
| 590 |
_aCONVERSION _b10 _c20130109 _lUCH01 _h1349 |
||
| 650 | 1 | 4 |
_aAgricultura _xColombia. _91368 |
| 650 | 1 | 4 |
_aCafé _xColombia. _917116 |
| 650 | 1 | 4 |
_aCampesinado _zColombia. _918051 |
| 650 | 1 | 4 |
_aColombia _xCondiciones rurales. _925363 |
| 650 | 1 | 4 |
_aColombia _xCondiciones sociales. _925364 |
| 901 | _aBK | ||
| 905 | _aAlejandra Carrasco M. | ||
| 942 | _cFOLL | ||
| 949 |
_aTesis _bBC _cTES _d1005521 _eTS1 _h42633 _i100552 _sb |
||
| 949 |
_aTesis _bBC _cTES _d33724000796496 _eTS2 _fc.2 _h42634 _i100552 _sb |
||
| 999 |
_c89024 _d89024 |
||